[Event "AUTO-ADV-4146"]
[Site "http://www.queenalice.com/game.php?id=1563513"]
[Date "2019.3.7"]
[Round "1"]
[White "cucalegal3"]
[Black "Equiferus"]
[Result "1/2-1/2"]
[WhiteElo "1906"]
[BlackElo "1893"]

1. Nf3 Nf6 2. d3 d5 3. h3 b6 4. g4 h6 5. a3 Bb7 6. d4 Ba6 7. e3 Bb7 8. Bb5+ Nc6
9. Ne5 Qd6 10. f3 Nd7 11. Nxd7 Kxd7 12. f4 a6 13. Bxc6+ Qxc6 14. Nd2 Re8 15. Nf3
f6 16. g5 hxg5 17. fxg5 Kc8 18. gxf6 gxf6 19. h4 e5 20. c3 e4 21. Ng1 Qd6 22.
Qg4+ Kb8 23. Ne2 Bc8 24. Qf4 Qe6 25. b4 Bh6 26. Qf2 f5 27. Rg1 Qd6 28. Qg3 f4
29. exf4 Rhg8 30. Qf2 Rgf8 31. Be3 c6 32. h5 Bf5 33. Rb1 Rf7 34. Kd2 b5 35. Ra1
Kb7 36. Rg3 Ra8 37. Rag1 Bh7 38. Kc1 a5 39. Kb2 a4 40. R1g2 Raf8 41. Rg4 Qd7 42.
Qh4 Kb6 43. Ng1 Qe7 44. Qxe7 Rxe7 45. Nh3 Bf5 46. R4g3 Ref7 47. Ng5 Re7 48. Kc2
Rh8 49. Kd2 Bf8 50. Rh2 Rh6 51. Ke2 Bg6 52. Rgh3 Bf5 53. Rh4 Bg7 54. Nh3 Bf6 55.
Ng5 Rg7 56. Rg2 Kc7 57. Bf2 Kd7 58. Rhh2 Kd6 59. Ke3 Ke7 60. Rg3 Bg6 61. Rgh3
Bf5 62. Rg3 Bg6 63. Rgh3 Bf5 64. Rh4 Rg8 65. Be1 Rg7 66. Bg3 Kd6 67. Rh1 Ke7 68.
Ke2 Kd6 69. Ke3 Ke7 70. Kf2 Kd6 71. Ke3 1/2-1/2

[Event "AUTO-ADV-4162"]
[Site "http://www.queenalice.com/game.php?id=1566875"]
[Date "2019.4.7"]
[Round "1"]
[White "Equiferus"]
[Black "cucalegal3"]
[Result "0-1"]
[WhiteElo "1926"]
[BlackElo "1883"]

1. d4 d5 2. Nf3 f6 3. e3 g5 4. h3 a6 5. b3 c6 6. Bd3 b5 7. Bb2 a5 8. Nbd2 Na6 9.
O-O Qd6 10. c4 Nb4 11. Be2 Bb7 12. c5 Qc7 13. a3 Na6 14. e4 Rd8 15. e5 Bg7 16.
Re1 Nh6 17. Bd3 g4 18. exf6 Bxf6 19. hxg4 Nxg4 20. Bf5 Nh6 21. Be6 Bc8 22. Nh2
Bxe6 23. Rxe6 Nf5 24. Ndf3 Nb8 25. Ne5 Ng7 26. Qg4 Bxe5 27. Rh6 Bxh2+ 28. Rxh2
e6 29. Rxh7 Rxh7 30. Qg6+ Qf7 31. Qxh7 Ke7 32. Re1 Nd7 33. Bc1 Qg8 34. Bg5+ Nf6
35. Qh4 Qf7 36. Qf4 Rh8 37. Qd6+ Ke8 38. Qxc6+ Kf8 39. Bxf6 Qxf6 40. Qc8+ Ne8
41. Rxe6 Qf7 42. Re5 Rh5 43. Re3 Rh8 44. Qc6 Qh5 45. Rh3 Qd1+ 46. Kh2 Qxd4 47.
Qxb5 Qe5+ 48. g3 Rxh3+ 49. Kxh3 Qf5+ 50. Kg2 d4 51. Qxa5 d3 52. Qd2 Qd5+ 53. f3
Qxb3 54. Kf2 Qc2 55. Ke3 Qxc5+ 56. Kf4 Qd4+ 57. Kg5 Qf6+ 58. Kg4 Qe6+ 59. Kf4
Qh6+ 0-1

[Event "AUTO-ADV-4162"]
[Site "http://www.queenalice.com/game.php?id=1566876"]
[Date "2019.4.7"]
[Round "1"]
[White "cucalegal3"]
[Black "Equiferus"]
[Result "0-1"]
[WhiteElo "1945"]
[BlackElo "1900"]

1. e4 d5 2. e5 d4 3. Bb5+ c6 4. Bc4 e6 5. Bd3 Nd7 6. f4 b5 7. b3 Nc5 8. Qf3 g6
9. Qxc6+ Bd7 10. Qf3 Ne7 11. Be4 Nxe4 12. Qxe4 Bc6 13. Qe2 Bg7 14. Nh3 O-O 15.
Ng5 Nf5 16. Ba3 Re8 17. g4 d3 18. Qxd3 Bxh1 19. gxf5 exf5 20. Qxb5 Bxe5 21. fxe5
Qd4 22. Bd6 Qh4+ 23. Kd1 Qxg5 24. Kc1 f4 25. Qf1 Bg2 26. Qf2 f3 27. Kb2 f6 28.
d4 Rac8 29. Nc3 Qf5 30. Rg1 fxe5 31. dxe5 a6 32. Rxg2 fxg2 33. Qxg2 Rxe5 34.
Bxe5 Qxe5 35. Qh3 Rc6 36. Qd3 Rd6 37. Qc4+ Kg7 38. Ka3 Rd2 39. Ne4 Rd4 40. Qxa6
Rxe4 41. Qd3 Qa5+ 42. Kb2 Qe5+ 43. c3 Re2+ 44. Kb1 Re1+ 45. Kb2 Re2+ 46. Kb1
Qxh2 47. Qd1 Rb2+ 48. Kc1 Rxa2 0-1

[Event "AUTO-ADV-4162"]
[Site "http://www.queenalice.com/game.php?id=1566887"]
[Date "2019.4.7"]
[Round "1"]
[White "rogervolei"]
[Black "cucalegal3"]
[Result "1-0"]
[WhiteElo "1922"]
[BlackElo "1880"]

1. e3 e5 2. a3 a6 3. b4 b5 4. Bb2 d6 5. Qf3 c6 6. c4 Bb7 7. Bd3 Qc7 8. c5 d5 9.
e4 d4 10. Ne2 g6 11. a4 Nh6 12. Qg3 Bg7 13. Bxd4 Kf8 14. Bc3 f6 15. axb5 axb5
16. Rxa8 Bxa8 17. O-O Nd7 18. f4 Kf7 19. fxe5 Qd8 20. Qh3 Re8 21. exf6 Bf8 22.
e5 Bb7 23. Na3 Nxe5 24. Bxe5 Rxe5 25. Nxb5 cxb5 26. Bxb5 Bc8 27. Qb3+ Be6 28.
Qc3 Rxe2 29. Bxe2 Ng8 30. g4 Bh6 31. d3 Bg5 32. h3 Be3+ 33. Kg2 Bd4 34. Qe1 Qd5+
35. Bf3 Qa2+ 36. Kg3 g5 37. h4 gxh4+ 38. Kh3 Bxf6 39. Be4 Nh6 40. Rxf6+ Kxf6 41.
Qxh4+ Kg7 42. Qe7+ Bf7 43. c6 Qe6 44. Qxe6 Bxe6 45. Bf3 Nf7 46. b5 Ne5 47. Kg3
Nxd3 48. b6 Ne5 49. c7 Nxf3 50. Kxf3 Bd5+ 51. Kf4 Bb7 52. Ke5 Kf7 53. Kd6 Ke8
54. g5 Bc8 55. Kc6 Bd7+ 56. Kb7 h5 57. gxh6 Kf8 58. c8=Q+ Bxc8+ 59. Kxc8 Kg8 60.
b7 Kh7 61. b8=Q Kxh6 62. Kd7 Kg6 63. Ke6 Kg5 64. Qg3+ Kh5 65. Kf6 1-0

[Event "AUTO-ADV-4162"]
[Site "http://www.queenalice.com/game.php?id=1566888"]
[Date "2019.4.7"]
[Round "1"]
[White "cucalegal3"]
[Black "rogervolei"]
[Result "1-0"]
[WhiteElo "1934"]
[BlackElo "1814"]

1. e4 e6 2. g3 c6 3. c3 a6 4. a4 g6 5. d3 Bh6 6. f4 Qc7 7. Nf3 f6 8. a5 b6 9. b4
b5 10. Be3 e5 11. Bb6 Qd6 12. fxe5 fxe5 13. d4 Bg7 14. Bc5 Qc7 15. d5 d6 16. Be3
cxd5 17. exd5 Ne7 18. Ng5 h6 19. Ne6 Bxe6 20. dxe6 Nbc6 21. Bb6 Qc8 22. Qxd6 Nf5
23. Qd7+ Qxd7 24. exd7+ Kxd7 25. Bg2 Nce7 26. Bxa8 Rxa8 27. Ke2 Nd5 28. Kd3 Nxb6
29. axb6 Kc6 30. Ke2 Kxb6 31. Rd1 g5 32. g4 Nh4 33. Rd6+ Kc7 34. Raxa6 Rxa6 35.
Rxa6 Kb7 36. Ra5 e4 37. Rxb5+ Kc6 38. Rc5+ Kd6 39. Ke3 Nf3 40. Kxe4 Nxh2 41. Kf5
1-0

[Event "AUTO-ADV-4162"]
[Site "http://www.queenalice.com/game.php?id=1566895"]
[Date "2019.4.7"]
[Round "1"]
[White "cucalegal3"]
[Black "jlpbarreto"]
[Result "0-1"]
[WhiteElo "1897"]
[BlackElo "1940"]

1. e4 d5 2. Bb5+ Bd7 3. Bxd7+ Qxd7 4. Qf3 dxe4 5. Qxe4 Qc6 6. Qxc6+ Nxc6 7. Nf3
e6 8. a3 Nf6 9. d3 h6 10. Bf4 Bd6 11. Bxd6 cxd6 12. O-O e5 13. Nc3 a6 14. Na4
Nd7 15. c3 b5 16. d4 bxa4 17. d5 Ne7 18. c4 Nc5 19. Nd2 O-O 20. Rad1 f5 21. Nf3
Rab8 22. b4 axb3 23. Nd2 b2 24. g3 Na4 25. Nb1 Rfc8 26. f4 e4 27. Rd4 Kf7 28.
Rf2 Rb3 29. Rc2 Rcb8 30. Rd1 Ng6 31. Kf1 Rf3+ 32. Kg2 Rbb3 33. Nd2 Rfd3 34. Nxb3
Rxd1 35. Rxb2 Nxb2 36. c5 dxc5 37. Nxc5 a5 38. d6 Nf8 39. Nb7 Nc4 40. Nd8+ Ke8
41. Nb7 Nd7 42. Kf2 Nxd6 43. Nxa5 Rd2+ 44. Kg1 Ra2 45. Nb3 Rxa3 46. Nd2 Ra1+ 47.
Kf2 Ra2 48. Ke3 Rxd2 49. Kxd2 Ke7 50. Ke2 Nc4 51. h3 Kd6 52. h4 g6 53. Kf2 Kd5
54. Kg2 e3 0-1

[Event "AUTO-ADV-4162"]
[Site "http://www.queenalice.com/game.php?id=1566896"]
[Date "2019.4.7"]
[Round "1"]
[White "jlpbarreto"]
[Black "cucalegal3"]
[Result "1/2-1/2"]
[WhiteElo "1917"]
[BlackElo "1868"]

1. g4 e6 2. Bg2 d5 3. c4 dxc4 4. Qa4+ Bd7 5. Qxc4 c6 6. Nf3 Qb6 7. d4 Qb4+ 8.
Qc3 Qxc3+ 9. Nxc3 Nf6 10. h3 Nd5 11. a3 a5 12. Ne4 Be7 13. Bg5 f6 14. Bh4 Nf4
15. Bf1 Na6 16. Rc1 Nd5 17. Bg3 O-O 18. Bg2 Rfc8 19. O-O g5 20. h4 gxh4 21. Bxh4
h6 22. Bh3 Nf4 23. Kh2 Nxe2 24. Rce1 Nf4 25. Bxf6 Bf8 26. Be5 Nd5 27. Nfd2 Be7
28. Nb1 Rf8 29. Kg2 Nf4+ 30. Kh2 Nd3 31. Re2 Rf7 32. Nbc3 Raf8 33. Nd6 Nxe5 34.
dxe5 Bxd6 35. exd6 Rf3 36. Ne4 c5 37. Bg2 R3f4 38. Rd2 Rxg4 39. f3 Rh4+ 40. Kg3
Rh5 41. Rh1 Rxh1 42. Bxh1 Nb8 43. Nxc5 b6 44. Ne4 Kg7 45. Rc2 Nc6 46. Rd2 e5 47.
Rd3 Nd4 48. Bg2 Ne2+ 49. Kf2 Nf4 50. Rb3 Nd5 51. Bf1 Rb8 52. Bb5 Be6 53. Rd3 Rd8
54. Bc6 Nf6 55. Nxf6 Kxf6 56. Bb5 Bf5 57. Rd2 Ke6 58. Bc4+ Kd7 59. Bb5+ Kc8 60.
Ba6+ Kd7 61. Bb5+ Kc8 62. Ba6+ Kd7 63. Bb5+ Kc8 1/2-1/2

[Event "AUTO-OPEN-4045"]
[Site "http://www.queenalice.com/game.php?id=1566983"]
[Date "2019.4.8"]
[Round "1"]
[White "chessman"]
[Black "cucalegal3"]
[Result "1-0"]
[WhiteElo "1998"]
[BlackElo "1927"]

1. e4 e5 2. Nf3 f6 3. Nxe5 fxe5 4. Qh5+ g6 5. Qxe5+ Qe7 6. Qxh8 Qg7 7. Qxg7 Bxg7
8. Bc4 Ne7 9. O-O d6 10. a3 a6 11. d3 b5 12. Bb3 Nbc6 13. Nc3 Bxc3 14. bxc3 Bb7
15. d4 Na5 16. e5 O-O-O 17. exd6 Rxd6 18. a4 b4 19. cxb4 Nxb3 20. cxb3 Rxd4 21.
b5 a5 22. Be3 Rb4 23. Bc5 Nd5 24. Bxb4 Nxb4 25. f4 Nd5 26. Rae1 Nf6 27. Re7 h6
28. Re6 Nd7 29. Rxg6 h5 30. Rg8+ Nf8 31. Rxf8+ Kd7 32. Rc1 c6 33. Rf7+ Kc8 34.
bxc6 Ba6 35. c7 Bb7 36. Rf8+ Kd7 37. c8=Q+ Bxc8 38. Rfxc8 h4 39. R8c6 Ke7 40.
Ra6 1-0

[Event "AUTO-OPEN-4045"]
[Site "http://www.queenalice.com/game.php?id=1566984"]
[Date "2019.4.8"]
[Round "1"]
[White "cucalegal3"]
[Black "chessman"]
[Result "0-1"]
[WhiteElo "1856"]
[BlackElo "1921"]

1. g3 e6 2. e4 d5 3. e5 c5 4. Bb5+ Bd7 5. Bxd7+ Nxd7 6. f4 Qb6 7. Nc3 Ne7 8. Na4
Qc7 9. b3 b5 10. Nc3 a6 11. Nce2 Nc6 12. c3 Be7 13. d3 O-O 14. Bb2 f6 15. exf6
Bxf6 16. Qd2 e5 17. f5 Rfe8 18. O-O-O a5 19. a4 b4 20. c4 d4 21. h4 e4 22. Qf4
Qxf4+ 23. Nxf4 e3 24. Nd5 Ra7 25. Nf3 Ne7 26. g4 Nxd5 27. g5 Nf4 28. gxf6 Nxf6
29. Rhg1 Ne2+ 30. Kc2 Nc3 31. Bxc3 bxc3 32. Ng5 Re5 33. Rdf1 h6 34. Ne6 Rf7 35.
Nd8 Rc7 36. Ne6 Rd7 37. Rg2 e2 38. Re1 Rxf5 39. Rgxe2 Ng4 40. Re4 Ne3+ 41. Kc1
Rb7 42. Rxd4 cxd4 43. Nxd4 Re5 44. Nc6 Re8 45. Nxa5 Rbe7 46. Nc6 Re6 47. Nd4
R6e7 48. Nf3 Kf7 49. Nd4 g5 50. hxg5 hxg5 51. Nb5 Kg6 52. Nd6 Rd8 53. c5 Nd5 54.
Ne4 Nb4 55. Rg1 Nxd3+ 56. Kc2 Rxe4 57. Rd1 Nb4+ 58. Kc1 Rxd1+ 59. Kxd1 Kf6 60.
a5 c2+ 61. Kd2 g4 0-1

[Event "AUTO-OPEN-4045"]
[Site "http://www.queenalice.com/game.php?id=1567011"]
[Date "2019.4.8"]
[Round "1"]
[White "cucalegal3"]
[Black "CleitonNog1986"]
[Result "1/2-1/2"]
[WhiteElo "1866"]
[BlackElo "1967"]

1. e4 c5 2. Bc4 e6 3. g3 d5 4. exd5 exd5 5. Bb5+ Bd7 6. Bxd7+ Nxd7 7. c3 Ngf6 8.
d3 Be7 9. Qe2 O-O 10. Nf3 Re8 11. O-O Bd6 12. Qd1 Qc7 13. Re1 Rxe1+ 14. Nxe1 Re8
15. Nf3 h6 16. Bd2 Ne5 17. Nxe5 Rxe5 18. Qf3 Qe7 19. Na3 a6 20. Nc2 b5 21. Ne3
Qe6 22. Re1 d4 23. cxd4 cxd4 24. Nc2 Rxe1+ 25. Bxe1 Be5 26. b3 1/2-1/2

[Event "AUTO-OPEN-4045"]
[Site "http://www.queenalice.com/game.php?id=1567012"]
[Date "2019.4.8"]
[Round "1"]
[White "CleitonNog1986"]
[Black "cucalegal3"]
[Result "1-0"]
[WhiteElo "1919"]
[BlackElo "1870"]

1. d4 e6 2. c4 Bb4+ 3. Bd2 Bxd2+ 4. Nxd2 Qf6 5. Ngf3 Qe7 6. e4 d5 7. e5 dxc4 8.
Bxc4 c6 9. O-O b5 10. Be2 h6 11. Ne4 Nd7 12. Nd6+ Kd8 13. Qc2 c5 14. dxc5 a6 15.
c6 Nb6 16. Rfd1 Kc7 17. Nxb5+ Kb8 18. c7+ Kb7 19. Qe4+ Nd5 20. Rxd5 Kb6 21. Rd6+
Qxd6 22. exd6 Ra7 23. Nxa7 Kxa7 24. Nd4 Bd7 25. Qe3 Nf6 26. Nb5+ Kb7 27. Qa7+
Kc6 28. Rc1+ Kd5 29. Qd4# 1-0

[Event "AUTO-MASTER-2844"]
[Site "http://www.queenalice.com/game.php?id=1570370"]
[Date "2019.5.9"]
[Round "1"]
[White "Clauceri"]
[Black "cucalegal3"]
[Result "1-0"]
[WhiteElo "1983"]
[BlackElo "1843"]

1. c4 a6 2. Nc3 c6 3. d4 e6 4. Bf4 d6 5. Nf3 h6 6. e4 g5 7. Be3 Bg7 8. Be2 Bd7
9. O-O Ne7 10. Qc2 Qc7 11. Rac1 O-O 12. h3 Ng6 13. b4 b5 14. Rfd1 bxc4 15. Bxc4
d5 16. Bd3 Qd6 17. a3 a5 18. e5 Qc7 19. Bxg6 fxg6 20. Qxg6 axb4 21. axb4 Be8 22.
Qxe6+ Bf7 23. Qg4 Qd7 24. Qxd7 Nxd7 25. Ra1 Be6 26. Nd2 Rab8 27. Rdb1 Bf5 28.
Rb2 c5 29. Nxd5 Be6 30. Nc7 Bf7 31. Nf3 c4 32. e6 1-0

[Event "AUTO-MASTER-2844"]
[Site "http://www.queenalice.com/game.php?id=1570371"]
[Date "2019.5.9"]
[Round "1"]
[White "cucalegal3"]
[Black "Clauceri"]
[Result "0-1"]
[WhiteElo "1833"]
[BlackElo "1993"]

1. e4 c5 2. Bc4 e6 3. e5 Nc6 4. f4 b6 5. c3 Bb7 6. Be2 d6 7. Bf3 Qc7 8. exd6
Bxd6 9. g3 Nf6 10. d3 O-O 11. Nh3 h6 12. Nd2 Rad8 13. Nc4 Be7 14. Qe2 Rd7 15.
Nf2 Rfd8 16. O-O b5 17. Ne5 Nxe5 18. fxe5 Bxf3 19. Qxf3 Qxe5 20. Bf4 Qf5 21.
Rad1 e5 22. g4 Qxf4 23. Qxf4 exf4 24. Kg2 Nd5 25. Rfe1 Ne3+ 26. Kf3 Nxd1 27.
Nxd1 Rxd3+ 28. Kxf4 Bg5+ 29. Ke4 Rxd1 30. Rxd1 Rxd1 0-1

[Event "AUTO-MASTER-2844"]
[Site "http://www.queenalice.com/game.php?id=1570384"]
[Date "2019.5.9"]
[Round "1"]
[White "cucalegal3"]
[Black "Jsc"]
[Result "0-1"]
[WhiteElo "1888"]
[BlackElo "1991"]

1. e3 e5 2. Nc3 Nf6 3. f3 c6 4. a3 d5 5. d4 Bd6 6. dxe5 Bxe5 7. Nce2 O-O 8. c3
Nh5 9. g3 Nf6 10. f4 Bc7 11. Bg2 Re8 12. Nf3 Ng4 13. Qd3 Qe7 14. Nfd4 Nxe3 15.
Qxe3 Qxe3 16. Bxe3 Rxe3 0-1

[Event "AUTO-MASTER-2844"]
[Site "http://www.queenalice.com/game.php?id=1570385"]
[Date "2019.5.9"]
[Round "1"]
[White "Jsc"]
[Black "cucalegal3"]
[Result "1-0"]
[WhiteElo "1978"]
[BlackElo "1901"]

1. e4 e5 2. Nf3 f6 3. Nxe5 g6 4. Nf3 g5 5. Nd4 h5 6. Bc4 Ne7 7. c3 a6 8. Qf3 Bg7
9. Qg3 b5 10. Be2 d6 11. f4 g4 12. h3 h4 13. Qf2 g3 14. Qf3 c6 15. f5 c5 16. Nc2
1-0

[Event "AUTO-MASTER-2844"]
[Site "http://www.queenalice.com/game.php?id=1570386"]
[Date "2019.5.9"]
[Round "1"]
[White "cucalegal3"]
[Black "clovis"]
[Result "0-1"]
[WhiteElo "1876"]
[BlackElo "1926"]

1. e3 e5 2. Nc3 Nf6 3. f3 d5 4. e4 dxe4 5. fxe4 Bc5 6. Nf3 Nc6 7. Bc4 O-O 8. a3
Bg4 9. b4 Bb6 10. h3 Bxf3 11. Qxf3 Nd4 12. Qd3 Nh5 13. g3 Qg5 14. Rg1 Kh8 15.
Rg2 f5 16. Ne2 f4 17. Nxd4 Bxd4 18. c3 f3 19. Rf2 Bxf2+ 20. Kxf2 Qxg3+ 21. Kf1
Qg2+ 22. Ke1 f2+ 23. Kd1 f1=Q+ 24. Qxf1 Rxf1+ 25. Bxf1 Qxf1+ 26. Kc2 Nf4 27. Kb3
Rd8 28. Bb2 Qxa1 29. Bxa1 Rxd2 30. Bb2 Nxh3 31. Bc1 Rd1 32. Be3 Nf4 33. Bxa7 h5
0-1

[Event "AUTO-MASTER-2844"]
[Site "http://www.queenalice.com/game.php?id=1570387"]
[Date "2019.5.9"]
[Round "1"]
[White "clovis"]
[Black "cucalegal3"]
[Result "0-1"]
[WhiteElo "2041"]
[BlackElo "1911"]

1. e4 e5 2. Nf3 f6 3. Nxe5 fxe5 4. Bc4 g6 5. O-O Ne7 6. f4 d5 7. exd5 a6 8. fxe5
b5 9. Qf3 Bb7 10. e6 Nf5 11. Bb3 Bc5+ 12. Kh1 O-O 13. Qc3 Qe7 14. d3 Ne3 15.
Rxf8+ Qxf8 16. Bxe3 Qf1+ 0-1